Wider das Verschwinden der Dinge : die Erfindung des Denkmalinventars
Gespeichert in:
| VerfasserIn: | |
|---|---|
| Körperschaft: | |
| Dokumenttyp: | Buch |
| Sprache: | German |
| Veröffentlicht: |
Berlin
: Wasmuth & Zohlen Verlag UG
, [2020]
|
| Schriftenreihe: | Kleine architekturwissenschaftliche Reihe
1 |
| Schlagwörter: | |
| Online Zugang: | Inhaltsverzeichnis |
| Bibliogr. Hinweis: | Rezensiert in:
[Rezension von: Mathias Noell, Wider das Verschwinden der Dinge] Rezensiert in: [Rezension von: Sebald, Eduard, 1955-; Noell, Matthias, 1967-, Wider das Verschwinden der Dinge. Die Erfindung des Denkmalinventars] |
| Verantwortlich: | Matthias Noell |
| LEADER | 05341cam a2201105 c 4500 | ||
|---|---|---|---|
| 001 | 1725896745 | ||
| 003 | DE-627 | ||
| 005 | 20260515123737.0 | ||
| 007 | tu | ||
| 008 | 200729s2020 gw ||||| 00| ||ger c | ||
| 010 | |a 2021374324 | ||
| 015 | |a 20,N31 |2 dnb | ||
| 016 | 7 | |a 1214452647 |2 DE-101 | |
| 020 | |a 9783803034106 |q EUR 48.00 (DE), EUR 49.40 (AT) (freier Preis) |9 978-3-8030-3410-6 | ||
| 024 | 3 | |a 9783803034106 | |
| 035 | |a (DE-627)1725896745 | ||
| 035 | |a (DE-599)DNB1214452647 | ||
| 035 | |a (OCoLC)1493151503 | ||
| 035 | |a (OCoLC)1179287152 | ||
| 040 | |a DE-627 |b ger |c DE-627 |e rda | ||
| 041 | |a ger | ||
| 044 | |c XA-DE | ||
| 050 | 0 | |a NA109.E8 | |
| 072 | 7 | |a N |2 lcco | |
| 072 | 7 | |a CD |2 lcco | |
| 072 | 7 | |a NA |2 lcco | |
| 082 | 0 | |a 363.69094 |q DE-101 | |
| 082 | 0 | 4 | |a 360 |a 720 |q DE-101 |
| 084 | |a KUNST |q DE-16 |2 fid | ||
| 084 | |a LH 60370 |q DE-14/sred |2 rvk |0 (DE-625)rvk/94193: | ||
| 084 | |a 21.75 |2 bkl | ||
| 100 | 1 | |a Noell, Matthias |d 1967- |e VerfasserIn |0 (DE-588)136988199 |0 (DE-627)588997897 |0 (DE-576)18251028X |4 aut | |
| 245 | 1 | 0 | |a Wider das Verschwinden der Dinge |b die Erfindung des Denkmalinventars |c Matthias Noell |
| 264 | 1 | |a Berlin |b Wasmuth & Zohlen Verlag UG |c [2020] | |
| 300 | |a 384 Seiten |c 22 cm x 16.5 cm | ||
| 336 | |a Text |b txt |2 rdacontent | ||
| 337 | |a ohne Hilfsmittel zu benutzen |b n |2 rdamedia | ||
| 338 | |a Band |b nc |2 rdacarrier | ||
| 490 | 1 | |a Kleine architekturwissenschaftliche Reihe |v 1 | |
| 583 | 1 | |a Archivierung/Langzeitarchivierung gewährleistet |f FID |x XA-DE-BW |2 pdager |5 DE-16 | |
| 648 | 4 | |a 1800-1999 | |
| 650 | 0 | |a Monuments |x Conservation and restoration |z Europe |2 DLC | |
| 650 | 0 | |a Monuments |z Europe |x Inventories |2 DLC | |
| 650 | 0 | |a Memorials |z Europe |x Inventories |2 DLC | |
| 650 | 0 | |a Memorials |x Conservation and restoration |z Europe |2 DLC | |
| 650 | 0 | |a Cultural property |z Europe |x Inventories |2 DLC | |
| 650 | 0 | |a Architecture |x Conservation and restoration |z Europe |2 DLC | |
| 650 | 0 | |a Monuments in literature |x History |y 19th century |2 DLC | |
| 650 | 0 | |a Monuments in literature |x History |y 20th century |2 DLC | |
| 650 | 0 | |a Inventories |2 DLC | |
| 650 | 4 | |a Monuments dans la littérature - Histoire - 19e siècle | |
| 650 | 4 | |a Monuments dans la littérature - Histoire - 20e siècle | |
| 650 | 4 | |a Monuments - Conservation and restoration |0 (OCoLC)fst01025895 | |
| 650 | 4 | |a Monuments |0 (OCoLC)fst01025892 | |
| 650 | 4 | |a Memorials - Conservation and restoration |0 (OCoLC)fst01015905 | |
| 650 | 4 | |a Memorials |0 (OCoLC)fst01015903 | |
| 650 | 4 | |a Cultural property |0 (OCoLC)fst00885014 | |
| 650 | 4 | |a Architecture - Conservation and restoration |0 (OCoLC)fst00813377 | |
| 650 | 4 | |a Inventories |0 (OCoLC)fst00978024 | |
| 650 | 4 | |a Monuments in literature |0 (OCoLC)fst01025920 | |
| 650 | 4 | |a Inventories |0 (OCoLC)fst01423898 | |
| 650 | 4 | |a History |0 (OCoLC)fst01411628 | |
| 651 | 4 | |a Europe |0 (OCoLC)fst01245064 | |
| 689 | 0 | 0 | |d g |0 (DE-588)4015701-5 |0 (DE-627)104289007 |0 (DE-576)208913092 |a Europa |2 gnd |
| 689 | 0 | 1 | |d s |0 (DE-588)4004973-5 |0 (DE-627)10638354X |0 (DE-576)208858563 |a Baudenkmal |2 gnd |
| 689 | 0 | 2 | |d s |0 (DE-588)4114043-6 |0 (DE-627)104688688 |0 (DE-576)209481455 |a Inventarisierung |2 gnd |
| 689 | 0 | 3 | |d s |0 (DE-588)4011455-7 |0 (DE-627)106352695 |0 (DE-576)20889361X |a Denkmalpflege |2 gnd |
| 689 | 0 | 4 | |a z |2 gnd |a Geschichte 1789-1913 |
| 689 | 0 | |5 DE-101 | |
| 689 | 1 | 0 | |d s |0 (DE-588)4011455-7 |0 (DE-627)106352695 |0 (DE-576)20889361X |a Denkmalpflege |2 gnd |
| 689 | 1 | 1 | |d s |0 (DE-588)4004973-5 |0 (DE-627)10638354X |0 (DE-576)208858563 |a Baudenkmal |2 gnd |
| 689 | 1 | 2 | |d s |0 (DE-588)4114043-6 |0 (DE-627)104688688 |0 (DE-576)209481455 |a Inventarisierung |2 gnd |
| 689 | 1 | 3 | |d s |0 (DE-588)4027540-1 |0 (DE-627)106284274 |0 (DE-576)208971270 |a Inventar |2 gnd |
| 689 | 1 | 4 | |a z |2 gnd |a Geschichte 1789-1913 |
| 689 | 1 | |5 (DE-627) | |
| 710 | 2 | |a Ernst Wasmuth Verlag |e Verlag |0 (DE-588)1050319-5 |0 (DE-627)100188907 |0 (DE-576)191439711 |4 pbl | |
| 787 | 0 | 8 | |i Rezensiert in |a Nicoud, Guillaume |t [Rezension von: Mathias Noell, Wider das Verschwinden der Dinge] |d 2023 |w (DE-627)1882985869 |
| 787 | 0 | 8 | |i Rezensiert in |a Sebald, Eduard, 1955 - |t [Rezension von: Sebald, Eduard, 1955-; Noell, Matthias, 1967-, Wider das Verschwinden der Dinge. Die Erfindung des Denkmalinventars] |d 2022 |w (DE-627)1828146609 |
| 830 | 0 | |a Kleine architekturwissenschaftliche Reihe |v 1 |9 1 |w (DE-627)1748020242 |w (DE-600)3053414-8 |7 am | |
| 856 | 4 | 2 | |u http://www.gbv.de/dms/weimar/toc/1725896745_toc.pdf |m DE-601 |q application/pdf |3 Inhaltsverzeichnis |7 1 |
| 936 | r | v | |a LH 60370 |b Inventarisation, Dokumentation, Foto-Archivierung und Aufnahmeverzeichnisse staatlicher Bildstellen. Baudenkmalkunde und begleitende Bauforschung |k Kunstgeschichte |k Allgemeines. Allgemeine Kunstgeschichte |k Denkmalpflege |k Inventarisation, Dokumentation, Foto-Archivierung und Aufnahmeverzeichnisse staatlicher Bildstellen. Baudenkmalkunde und begleitende Bauforschung |0 (DE-627)1271071908 |0 (DE-625)rvk/94193: |0 (DE-576)201071908 |
| 936 | b | k | |a 21.75 |j Denkmalpflege |j Stadtbildpflege |0 (DE-627)106415735 |
| 951 | |a BO | ||
| 990 | |a Europa | ||
| 990 | |a Baudenkmal | ||
| 990 | |a Inventarisierung | ||
| 990 | |a Denkmalpflege | ||
| 990 | |a Geschichte 1789-1913 | ||
| 990 | |a Denkmalpflege | ||
| 990 | |a Baudenkmal | ||
| 990 | |a Inventarisierung | ||
| 990 | |a Inventar | ||
| 990 | |a Geschichte 1789-1913 | ||
| 991 | |a Rezensiertes Werk | ||
| 999 | |a KXP-PPN1725896745 |e 4967458963 | ||


